Les anciens peintres flamands (Record no. 48028)

MARC details
000 -LEADER
campo de control de longitud fija 00971nam a2200241 i 4500
001 - NÚMERO DE CONTROL
campo de control 48028
003 - IDENTIFICADOR DE NÚMERO DE CONTROL
campo de control ES-MaACL
005 - FECHA Y HORA DE LA ÚLTIMA TRANSACCIÓN
campo de control 20251013234626.0
007 - CAMPO FIJO DE DESCRIPCIÓN FÍSICA--INFORMACIÓN GENERAL
campo de control de longitud fija t|
008 - DATOS DE LONGITUD FIJA--INFORMACIÓN GENERAL
campo de control de longitud fija 981126s1862 be ||||1| fre d
040 ## - FUENTE DE CATALOGACIÓN
Centro catalogador/agencia de origen CAM
Lengua de catalogación spa
Centro/agencia transcriptor CCPB
100 1# - ENTRADA PRINCIPAL--NOMBRE DE PERSONA
Nombre de persona Crowe, Joseph Archer,
Fechas asociadas al nombre 1825-1896
9 (RLIN) 41742
245 14 - MENCIÓN DEL TÍTULO
Título Les anciens peintres flamands
Resto del título : leur vie et leurs oeuvres /
Mención de responsabilidad, etc. par J. A. Crowe et G. B. Cavalcaselle ; traduit de l'anglais par O. Delepierre ; annoté et argumenté ... par Alex Pinchart et Ch. Ruelens.
260 ## - PUBLICACIÓN, DISTRIBUCIÓN, ETC.
Lugar de publicación, distribución, etc. Bruxelles :
Nombre del editor, distribuidor, etc. F. Heusner,
Fecha de publicación, distribución, etc. 1862 (
Fabricante Emm. Devroye)
300 ## - DESCRIPCIÓN FÍSICA
Extensión 2 t. en 1 v. ;
Dimensiones 23 cm.
650 #4 - PUNTO DE ACCESO ADICIONAL DE MATERIA--TÉRMINO DE MATERIA
Término de materia o nombre geográfico como elemento de entrada Pintores-
Subdivisión geográfica Países Bajos.
9 (RLIN) 167376
700 1# - ENTRADA AGREGADA--NOMBRE PERSONAL
Nombre de persona Cavalcaselle, Giovanni Battista,
Fechas asociadas al nombre 1820-1897
9 (RLIN) 37143
700 1# - ENTRADA AGREGADA--NOMBRE PERSONAL
Nombre de persona Delepierre, Octave (
Fechas asociadas al nombre 1802-1879)
9 (RLIN) 43368
700 1# - ENTRADA AGREGADA--NOMBRE PERSONAL
Nombre de persona Pinchart, Alexandre,
Fechas asociadas al nombre 1823-1884
9 (RLIN) 92078
700 1# - ENTRADA AGREGADA--NOMBRE PERSONAL
Nombre de persona Ruelens, Charles-Louis (
Fechas asociadas al nombre 1820-1890)
9 (RLIN) 100532
852 ## - LOCALIZACIÓN
Ubicación ES-MaACL
Número de control de estantería G-8144
Holdings
Estatus retirado Estado de pérdida Estado de daño No para préstamo Colección Biblioteca de origen Biblioteca actual Ubicación en estantería Fecha de adquisición Fuente de adquisición Total de préstamos Signatura topográfica completa Código de barras Visto por última vez Precio de reemplazo Tipo de ítem Koha
        Libros del s. XIX Biblioteca del Ateneo de Madrid Biblioteca del Ateneo de Madrid Sala Pecera Planta 3 17/01/2008     G-8144 1050545 23/02/2023 23/02/2023 Libro impreso antiguo